[Event "FRA-chT4"]
[Site "France"]
[Date "2012.11.18"]
[Round "2"]
[White "Defrance, Laurent"]
[Black "Vedovotto, Nicolas"]
[Result "1/2-1/2"]
[WhiteElo "2129"]
[BlackElo "2078"]
[PlyCount "36"]
[EventDate "2012.10.24"]
[EventType "team-swiss"]
[EventRounds "9"]
[EventCountry "FRA"]
[SourceTitle "EXT 2014"]
[Source "ChessBase"]
[SourceDate "2013.11.20"]
[SourceVersion "1"]
[SourceVersionDate "2013.11.20"]
[SourceQuality "1"]

1. d4 Nc6 2. Nf3 d5 3. e3 Bg4 4. Be2 e6 5. Nbd2 Nf6 6. 0-0 Bd6 7. c4 0-0 8. c5 Be7 9. b4 a6 10. Bb2 Ne4 11. a3 f5 12. Ne1 Bxe2 13. Qxe2 Nxd2 14. Qxd2 Bf6 15. Nd3 Qd7 16. Rad1 Kh8 17. Ne5 Bxe5 18. dxe5 Rad8 1/2-1/2

[Event "FRA-ch op-A"]
[Site "Belfort"]
[Date "2010.08.13"]
[Round "4"]
[White "Marsala, Christophe"]
[Black "Defrance, Laurent"]
[Result "1/2-1/2"]
[WhiteElo "2009"]
[BlackElo "2190"]
[PlyCount "24"]
[EventDate "2010.08.09"]
[EventType "swiss"]
[EventRounds "11"]
[EventCountry "FRA"]
[SourceTitle "CBM 138 Extra"]
[Source "ChessBase"]
[SourceDate "2010.10.29"]
[SourceVersion "1"]
[SourceVersionDate "2010.10.29"]
[SourceQuality "1"]

1. e4 e5 2. Nf3 Nf6 3. Nxe5 d6 4. Nf3 Nxe4 5. d4 d5 6. Bd3 Nc6 7. Nc3 Bb4 8. Bd2 0-0 9. 0-0 Bf5 10. a3 Ba5 11. Re1 Re8 12. Re3 Bxc3 1/2-1/2

[Event "La Fere op"]
[Site "La Fere"]
[Date "2010.07.10"]
[Round "9"]
[White "Feryn, Benjamin"]
[Black "Defrance, Laurent"]
[Result "0-1"]
[WhiteElo "1985"]
[BlackElo "2203"]
[PlyCount "94"]
[EventDate "2010.07.03"]
[EventType "swiss"]
[EventRounds "9"]
[EventCountry "FRA"]
[SourceTitle "CBM 137 Extra"]
[Source "ChessBase"]
[SourceDate "2010.09.01"]
[SourceVersion "1"]
[SourceVersionDate "2010.09.01"]
[SourceQuality "1"]

1. e4 e5 2. Nc3 Nf6 3. g3 d5 4. exd5 Nxd5 5. Bg2 Nxc3 6. bxc3 Bd6 7. Nf3 0-0 8. 0-0 Nd7 9. d4 h6 10. Re1 exd4 11. cxd4 Nb6 12. Ne5 c6 13. c3 Be6 14. Qd3 Bxe5 15. Rxe5 Bc4 16. Qf5 Qc8 17. Qh5 Re8 18. Bf4 Rxe5 19. Bxe5 Qd7 20. Be4 Be6 21. Qe2 Re8 22. Re1 Bf5 23. Qf3 Bxe4 24. Rxe4 f6 25. Bf4 Rxe4 26. Qxe4 Nd5 27. c4 Nc3 28. Qd3 Qxd4 29. Qxd4 Ne2+ 30. Kg2 Nxd4 31. Be3 Nf5 32. Bxa7 Nd6 33. c5 Nb5 34. Bb6 Kf7 35. Kf3 Ke6 36. Ke4 f5+ 37. Kd3 Kd5 38. h4 g6 39. h5 gxh5 40. Ke3 Nc3 41. a3 Ne4 42. Ba7 Nxc5 43. Kf4 Ne4 44. Be3 Nd6 45. Kf3 Nc4 46. Bxh6 Nxa3 47. Kf4 Ke6 0-1

[Event "Pays de Champagne op-A 1st"]
[Site "Recy"]
[Date "2010.05.13"]
[Round "1"]
[White "Defrance, Laurent"]
[Black "Petit, Christian Marie"]
[Result "1/2-1/2"]
[WhiteElo "2199"]
[BlackElo "1790"]
[PlyCount "118"]
[EventDate "2010.05.??"]
[EventType "swiss"]
[EventRounds "6"]
[EventCountry "FRA"]
[SourceTitle "EXT 2011"]
[Source "ChessBase"]
[SourceDate "2010.11.26"]
[SourceVersion "1"]
[SourceVersionDate "2010.11.26"]
[SourceQuality "1"]

1. e4 e5 2. Nf3 Nc6 3. Bc4 Be7 4. 0-0 Nf6 5. Nc3 0-0 6. d4 Nxe4 7. Nxe5 Nxc3 8. Nxc6 Nxd1 9. Nxd8 Rxd8 10. Rxd1 d5 11. Bd3 Bg4 12. Re1 Bd6 13. h3 Bd7 14. Bd2 Re8 15. a3 h6 16. Bb4 Rxe1+ 17. Rxe1 Bxb4 18. axb4 Kf8 19. b5 c6 20. bxc6 Bxc6 21. Ra1 a6 22. Kf1 Ke7 23. Ke2 Rc8 24. Kd2 Ra8 25. Ra5 b5 26. Ra1 Kd6 27. Kc3 a5 28. Re1 Re8 29. Ra1 Ra8 30. Kd2 Ra7 31. h4 Bd7 32. f3 Kc6 33. Re1 Be6 34. h5 Rb7 35. g4 Kd6 36. Ra1 a4 37. Rg1 f6 38. Be2 b4 39. Ra1 Bd7 40. Bd3 Ra7 41. Ke3 Bc6 42. Kd2 Be8 43. c3 Rb7 44. Bc2 b3 45. Bd3 Bc6 46. Ke3 Re7+ 47. Kf2 Rc7 48. f4 Bd7 49. Kf3 Be8 50. Bf5 Bb5 51. Kf2 Re7 52. Re1 Rxe1 53. Kxe1 Bc4 54. Kf2 Bb5 55. Kf3 Ke7 56. Ke3 Kd6 57. Bb1 Ke6 58. Bf5+ Kd6 59. Bb1 Ke6 1/2-1/2

[Event "Charleville Mezieres op 5th"]
[Site "Charleville Mezieres"]
[Date "2008.??.??"]
[Round "3"]
[White "Defrance, Laurent"]
[Black "Szylar, Eric"]
[Result "1-0"]
[WhiteElo "2190"]
[BlackElo "2086"]
[PlyCount "85"]
[EventDate "2008.12.26"]
[EventType "swiss"]
[EventRounds "7"]
[EventCountry "FRA"]
[SourceTitle "CBM 128 Extra"]
[Source "ChessBase"]
[SourceDate "2009.03.05"]
[SourceVersion "2"]
[SourceVersionDate "2009.03.25"]
[SourceQuality "1"]

1. Nf3 Nf6 2. g3 g6 3. Bg2 Bg7 4. d3 d6 5. Nbd2 0-0 6. e4 e5 7. 0-0 Nbd7 8. c3 Nc5 9. Qc2 Re8 10. b4 Ne6 11. Bb2 a5 12. a3 b6 13. Rfd1 Bb7 14. Nc4 Ba6 15. Ne3 Bb7 16. c4 Bh6 17. Nd5 c5 18. bxa5 bxa5 19. Nxf6+ Qxf6 20. Rab1 Bc6 21. Bc3 Nd4 22. Nxd4 cxd4 23. Be1 Qd8 24. Bh3 Qc7 25. Rb2 a4 26. Rdb1 Reb8 27. Rb4 Bg5 28. Qb2 Re8 29. Rb6 Kg7 30. Bg2 Qd7 31. Qe2 Bd8 32. R6b2 Ba5 33. Bxa5 Rxa5 34. Qd2 Ra7 35. Rb6 Re7 36. h4 Rb7 37. Rxb7 Bxb7 38. Rb6 Bc6 39. Qb4 Qc7 40. Bh3 Be8 41. Rxd6 Qa7 42. Rb6 f6 43. Qd6 1-0

[Event "Metz op 25th"]
[Site "Metz"]
[Date "2007.04.19"]
[Round "6"]
[White "Defrance, Laurent"]
[Black "Zozulia, Anna"]
[Result "0-1"]
[WhiteElo "2177"]
[BlackElo "2344"]
[PlyCount "70"]
[EventDate "2007.04.14"]
[EventType "swiss"]
[EventRounds "9"]
[EventCountry "FRA"]
[SourceTitle "CBM 117 Extra"]
[Source "ChessBase"]
[SourceDate "2007.05.09"]
[SourceVersion "1"]
[SourceVersionDate "2007.05.09"]
[SourceQuality "1"]

1. d4 g6 2. Nf3 Bg7 3. e3 d6 4. Be2 Nf6 5. c4 0-0 6. Nc3 a6 7. 0-0 c6 8. a4 a5 9. b3 Na6 10. Ba3 Re8 11. Ra2 Nb4 12. Rd2 Qc7 13. Ne1 e5 14. dxe5 dxe5 15. Nc2 Bf8 16. Bb2 Na6 17. f4 Bf5 18. fxe5 Rxe5 19. Nd4 Bh6 20. Nxf5 gxf5 21. Kh1 Bxe3 22. Rd6 Re6 23. Rxe6 fxe6 24. Qe1 Bh6 25. Qh4 Bg7 26. Rf3 Ng4 27. Rf1 Ne5 28. g4 Ng6 29. Qf2 Rf8 30. Qe3 Qe5 31. Qd2 Qd4 32. Qc2 Nb4 33. Qb1 fxg4 34. Rxf8+ Nxf8 35. Bxg4 Nd3 0-1

[Event "Metz op 25th"]
[Site "Metz"]
[Date "2007.04.15"]
[Round "2"]
[White "Defrance, Laurent"]
[Black "Kalinitschew, Sergey"]
[Result "1-0"]
[WhiteElo "2177"]
[BlackElo "2488"]
[PlyCount "81"]
[EventDate "2007.04.14"]
[EventType "swiss"]
[EventRounds "9"]
[EventCountry "FRA"]
[SourceTitle "CBM 117 Extra"]
[Source "ChessBase"]
[SourceDate "2007.05.09"]
[SourceVersion "1"]
[SourceVersionDate "2007.05.09"]
[SourceQuality "1"]

1. d4 Nf6 2. c4 c5 3. d5 b5 4. cxb5 a6 5. bxa6 Bxa6 6. Nc3 g6 7. e4 Bxf1 8. Kxf1 d6 9. g3 Bg7 10. Kg2 0-0 11. Nf3 Nbd7 12. Re1 Qb8 13. Qe2 Nb6 14. a4 Ra7 15. Ra3 Ne8 16. a5 Nd7 17. Nd2 Nc7 18. Nc4 Nb5 19. Nxb5 Qxb5 20. Bd2 Bxb2 21. Rb1 Ne5 22. Rc3 Rb8 23. Rxb2 Qxb2 24. Nxb2 Rxb2 25. Rc1 Rxa5 26. Qd1 Raa2 27. Be3 Re2 28. Kf1 Reb2 29. Ra1 h5 30. Rxa2 Rxa2 31. Qb1 Ra4 32. Bf4 Ng4 33. f3 Nf6 34. Qb8+ Kg7 35. Qb2 Rb4 36. Qa1 Rb3 37. Ke2 Kh7 38. Bxd6 Nd7 39. Bxe7 c4 40. Bf6 Nc5 41. Qa7 1-0

[Event "Paris Apsap op 74th"]
[Site "Paris"]
[Date "2004.08.14"]
[Round "7"]
[White "Fogel, Pierre"]
[Black "Defrance, Laurent"]
[Result "1/2-1/2"]
[WhiteElo "2087"]
[BlackElo "2157"]
[PlyCount "80"]
[EventDate "2004.08.??"]
[EventType "swiss"]
[EventRounds "9"]
[EventCountry "FRA"]
[SourceTitle "EXT 2005"]
[Source "ChessBase"]
[SourceDate "2004.11.15"]
[SourceVersion "1"]
[SourceVersionDate "2004.11.15"]
[SourceQuality "1"]

1. e4 Nc6 2. Nc3 Nf6 3. d4 d6 4. d5 Nb8 5. f4 e6 6. dxe6 Bxe6 7. Nf3 Be7 8. Bd3 0-0 9. Qe2 Nc6 10. a3 Re8 11. Bd2 Bg4 12. 0-0-0 b5 13. Bxb5 Nd4 14. Qd3 Nxb5 15. Nxb5 c6 16. Nbd4 Qb6 17. h3 Rab8 18. Bc3 Bc8 19. Nf5 Bxf5 20. exf5 Nd5 21. Rhe1 Nxc3 22. bxc3 Qb2+ 23. Kd2 Qxa3 24. g4 d5 25. g5 Bd6 26. Ne5 Bxe5 27. fxe5 Qa4 28. Qd4 Qxd4+ 29. cxd4 Rb4 30. Kd3 Rb7 31. Ra1 f6 32. gxf6 gxf6 33. exf6 Rxe1 34. Rxe1 Kf7 35. Re6 Rb6 36. Rd6 a5 37. Rd7+ Kxf6 38. Rxh7 Ra6 39. c4 dxc4+ 40. Kxc4 Kxf5 1/2-1/2

[Event "Paris Apsap op 74th"]
[Site "Paris"]
[Date "2004.08.13"]
[Round "6"]
[White "Defrance, Laurent"]
[Black "Eche, Sylvain"]
[Result "1/2-1/2"]
[WhiteElo "2157"]
[BlackElo "2139"]
[PlyCount "76"]
[EventDate "2004.08.??"]
[EventType "swiss"]
[EventRounds "9"]
[EventCountry "FRA"]
[SourceTitle "EXT 2005"]
[Source "ChessBase"]
[SourceDate "2004.11.15"]
[SourceVersion "1"]
[SourceVersionDate "2004.11.15"]
[SourceQuality "1"]

1. Nc3 g6 2. Nf3 c5 3. g3 Bg7 4. Bg2 Nc6 5. 0-0 Nf6 6. d3 0-0 7. Be3 d6 8. Qc1 Re8 9. Bh6 Bh8 10. e4 Rb8 11. Nh4 Nd4 12. h3 b5 13. Qd2 e6 14. Kh2 Nh5 15. f4 f5 16. exf5 exf5 17. Rae1 Bb7 18. Nd5 Qd7 19. c3 Ne6 20. Re3 Nf6 21. Nxf6+ Bxf6 22. Bxb7 Rxb7 23. Nf3 Qc6 24. Rfe1 Rbe7 25. Ng5 Nxg5 26. Bxg5 Bxg5 27. fxg5 Rxe3 28. Rxe3 Re5 29. Kg1 Qe8 30. Kf2 Kf7 31. d4 Rxe3 32. Qxe3 Qxe3+ 33. Kxe3 Ke6 34. Ke2 a5 35. Kd2 Kd5 36. Kd3 c4+ 37. Ke3 b4 38. a4 b3 1/2-1/2